Statistics for Translating US States: Russian to English

Click here to take the quiz!

General Stats

  • This quiz has been taken 74 times
  • The average score is 39 of 50

Answer Stats

Russian English % Correct
ТехасTexas
93%
МиннесотаMinnesota
93%
КанзасKansas
91%
Южная ДакотаSouth Dakota
91%
Нью-ГэмпширNew Hampshire
91%
ТеннессиTennessee
91%
МэнMaine
91%
Нью-ЙоркNew York
91%
Южная КаролинаSouth Carolina
88%
Нью-МексикоNew Mexico
88%
Северная КаролинаNorth Carolina
88%
Северная ДакотаNorth Dakota
88%
Нью-ДжерсиNew Jersey
88%
АлабамаAlabama
86%
ОгайоOhio
86%
ОклахомаOklahoma
86%
МассачусетсMassachusetts
86%
КентуккиKentucky
84%
МонтанаMontana
84%
ОрегонOregon
81%
АляскаAlaska
81%
КолорадоColorado
79%
АризонаArizona
79%
ВермонтVermont
77%
МиссуриMissouri
77%
АрканзасArkansas
77%
НебраскаNebraska
74%
НевадаNevada
74%
ЮтаUtah
74%
АйдахоIdaho
74%
ВашингтонWashington
74%
МиссисипиMississippi
72%
МэрилендMaryland
72%
Западная ВиргинияWest Virginia
72%
ВиргинияVirginia
72%
ДелавэрDelaware
72%
ИндианаIndiana
70%
КоннектикутConnecticut
70%
ВисконсинWisconsin
70%
Род-АйлендRhode Island
70%
МичиганMichigan
67%
КалифорнияCalifornia
67%
ИллинойсIllinois
67%
АйоваIowa
67%
ВайомингWyoming
67%
ЛуизианаLouisiana
65%
ГавайиHawaii
63%
ДжорджияGeorgia
63%
ФлоридаFlorida
63%
ПенсильванияPennsylvania
58%

Score Distribution

Percentile by Number Answered

Percent of People with Each Score

Your Score History

You have not taken this quiz